000 00741nam a22001937a 4500
003 OSt
005 20240830115459.0
008 240830b ||||| |||| 00| 0 eng d
040 _cAIMIT LIBRARY
100 _aNihal R Shetty.
_e2216109
_9178237
245 _aThe influence of behavioural and heuristic biases on investment decision making /
_cBy Nihal R Shetty ; Guided by Justin James.
260 _aUdupi ;
_c2024
650 _aIndustry profile, company profile and introduction of the study
_9178238
650 _aLiterature review
_9178239
650 _aData analysis and interpretation
_9178240
700 _aJames, Justin.
_eGuide
_9178241
856 _3Anandrathi Share and Stock Brokers Ltd.
_ywww.anandrathi.com
942 _2ddc
_cPRO
999 _c231654
_d231654